[Event "4NCL 2012-13"]
[Site "Hinckley ENG"]
[Date "2013.03.23"]
[Round "7.121"]
[White "Holland, James P"]
[Black "Hawkins, Jonathan"]
[Result "0-1"]
[BlackTitle "IM"]
[WhiteElo "2245"]
[BlackElo "2511"]
[WhiteTeam "BCM"]
[BlackTeam "Cheddleton"]
[WhiteFideId "416835"]
[BlackFideId "412686"]
[EventDate "2012.11.03"]

1. c4 Nf6 2. g3 e5 3. Bg2 d5 4. cxd5 Nxd5 5. Nf3 Nc6 6. O-O Nb6 7. b3 Be7 8. Bb2
f6 9. Qc2 Be6 10. Nc3 O-O 11. Nd1 a5 12. a3 Qd6 13. Ne3 Qc5 14. Qb1 Rfd8 15. Nf5
Bf8 16. Rc1 Qb5 17. Qe4 Qxb3 18. Rab1 Qa4 19. d4 Nc4 20. Bh3 Bd5 21. Qg4 exd4
22. Bxd4 Nxd4 23. N3xd4 Ne5 24. Qh4 Ng6 25. Qh5 Be4 26. Rb5 c5 27. Nh4 Rxd4 0-1

[Event "4NCL 2012-13"]
[Site "Hinckley ENG"]
[Date "2013.03.23"]
[Round "7.123"]
[White "Wadsworth, Matthew J"]
[Black "Colovic, Aleksandar"]
[Result "0-1"]
[BlackTitle "IM"]
[WhiteElo "2055"]
[BlackElo "2447"]
[WhiteTeam "BCM"]
[BlackTeam "Cheddleton"]
[WhiteFideId "415804"]
[BlackFideId "15000729"]
[EventDate "2012.11.03"]

1. e4 c5 2. Nc3 e6 3. Nf3 a6 4. g3 Nc6 5. Bg2 Nf6 6. O-O d6 7. d3 Be7 8. Ng5 h6
9. Nh3 O-O 10. f4 d5 11. Nf2 b5 12. Ne2 Rb8 13. c3 dxe4 14. dxe4 e5 15. f5 Qxd1
16. Rxd1 c4 17. Be3 Nd7 18. Rd2 Nb6 19. Rad1 Rd8 20. g4 Kf8 21. Nh3 Ke8 22. g5
hxg5 23. Nxg5 Rxd2 24. Rxd2 Na4 25. Bf3 f6 26. Bh5+ Kf8 27. Nf3 Bc5 28. Kf2 Bb7
29. Nh4 Ne7 30. Ng3 Bc6 31. Bd1 Bxe3+ 32. Kxe3 Nc5 33. Be2 Rc8 34. h3 a5 35. Bf1
Kf7 36. Be2 Kg8 37. Rd6 Nb7 38. Rd1 Nc5 39. Rd6 Kf7 40. Bh5+ Kf8 41. Be2 Na4 42.
Rd2 Be8 43. Bd1 Nc5 44. Be2 Bf7 45. Ng2 b4 46. Kf2 Na4 47. cxb4 axb4 48. Ne3 c3
49. bxc3 Nxc3 50. Rb2 Nxa2 51. Ba6 Rc6 52. Bb5 Rb6 53. Bc4 Nc3 54. Bxf7 Kxf7 55.
Kf3 Nc6 56. Ne2 Nxe2 57. Kxe2 Nd4+ 58. Kd3 b3 59. Nc4 Rb8 60. Kc3 Rh8 61. Rh2
Rh4 62. Nd2 Kg8 63. Rh1 Kh7 64. Rh2 Kh6 65. Rh1 Kg5 66. Rg1+ Kf4 67. Rxg7 Rxh3+
68. Kb2 Rd3 69. Nc4 Kxe4 70. Nd6+ Kf4 0-1

[Event "4NCL 2012-13"]
[Site "Hinckley ENG"]
[Date "2013.03.23"]
[Round "7.124"]
[White "Arkell, Keith C"]
[Black "Thompson, Ian D"]
[Result "1-0"]
[WhiteTitle "GM"]
[BlackTitle "FM"]
[WhiteElo "2462"]
[BlackElo "2250"]
[WhiteTeam "Cheddleton"]
[BlackTeam "BCM"]
[WhiteFideId "400270"]
[BlackFideId "405205"]
[EventDate "2012.11.03"]

1. d4 d5 2. c4 c6 3. Nf3 Nf6 4. g3 Bf5 5. Nbd2 e6 6. Bg2 h6 7. O-O Nbd7 8. b3
Be7 9. Bb2 O-O 10. Rc1 Bh7 11. e3 Rc8 12. Qe2 c5 13. cxd5 exd5 14. Ne5 cxd4 15.
Rxc8 Qxc8 16. Rc1 Qd8 17. Bxd4 Ba3 18. Rd1 Bc2 19. Rf1 Nxe5 20. Bxe5 Bf5 21. Qb5
Qd7 22. Qa5 Qe7 23. Bxf6 gxf6 24. Qxd5 Rd8 25. Qxf5 Rxd2 26. Be4 Kf8 27. Qh7 Qd7
28. Qxh6+ Ke7 29. Qh5 b6 30. Bf3 Rxa2 31. Bd5 Rd2 32. Bc4 Bb2 33. Qxf7+ Kd6 34.
Qh5 Kc7 35. h4 a5 36. Rb1 Be5 37. Qf3 Qc6 38. Kg2 b5 39. Bf7 Qxf3+ 40. Kxf3 Kd6
41. Be8 Kc5 42. g4 Rd8 43. Bf7 Rf8 44. Rc1+ Kb4 45. Be6 a4 46. bxa4 bxa4 47. Ke4
Rh8 48. h5 a3 49. Kf5 Bb2 50. Rc7 Ra8 51. Rb7+ Kc5 52. Ba2 Kc6 53. Rf7 Ra5+ 54.
Kf4 Rc5 55. Rf8 Be5+ 56. Ke4 Rc1 57. Bd5+ Kd6 58. Rd8+ Ke7 59. Ra8 Bb2 60. h6
Rh1 61. h7 Kd6 62. Ra6+ Kc5 63. Rc6+ Kb5 64. Rc7 1-0

[Event "4NCL 2012-13"]
[Site "Hinckley ENG"]
[Date "2013.03.23"]
[Round "7.125"]
[White "Hansen, Hans-Peter"]
[Black "Hamitevici, Vladimir"]
[Result "0-1"]
[BlackTitle "IM"]
[WhiteElo "2207"]
[BlackElo "2440"]
[WhiteTeam "BCM"]
[BlackTeam "Cheddleton"]
[WhiteFideId "1503502"]
[BlackFideId "13902393"]
[EventDate "2012.11.03"]

1. c4 c5 2. g3 g6 3. Bg2 Bg7 4. Nc3 Nc6 5. Nf3 Nh6 6. h4 d6 7. d3 Bd7 8. Bd2 Ng4
9. h5 Rb8 10. Rb1 a6 11. h6 Bf6 12. Ne4 O-O 13. a3 Bh8 14. b4 cxb4 15. axb4 b5
16. c5 d5 17. Nc3 e6 18. Qb3 a5 19. bxa5 b4 20. Na4 Qxa5 21. Nb6 Qxc5 22. Nxd7
Qxf2+ 23. Kd1 Qxg2 24. Rg1 Qf2 25. Re1 Qa7 26. Nxb8 Nf2+ 27. Kc2 Rc8 28. Bc3
Qxb8 29. Bxh8 Nd4+ 30. Kd2 Nxb3+ 31. Rxb3 Kxh8 32. Reb1 Qc7 33. Rxb4 Qc3+ 34.
Ke3 Nd1+ 0-1

[Event "4NCL 2012-13"]
[Site "Hinckley ENG"]
[Date "2013.03.23"]
[Round "7.126"]
[White "Eggleston, David J"]
[Black "Farrand, Tom"]
[Result "1-0"]
[WhiteTitle "FM"]
[WhiteElo "2337"]
[BlackElo "2200"]
[WhiteTeam "Cheddleton"]
[BlackTeam "BCM"]
[WhiteFideId "412120"]
[BlackFideId "406457"]
[EventDate "2012.11.03"]

1. e4 c5 2. Nf3 e6 3. d4 cxd4 4. Nxd4 Nf6 5. Nc3 Nc6 6. Ndb5 d6 7. Bf4 e5 8. Bg5
a6 9. Na3 b5 10. Nd5 Be7 11. Bxf6 Bxf6 12. c4 b4 13. Nc2 a5 14. g3 Bg5 15. h4
Bh6 16. b3 O-O 17. Bh3 Be6 18. Qh5 a4 19. Qd1 Nd4 20. Nxd4 exd4 21. Kf1 Bxd5 22.
cxd5 Qf6 23. Kg2 axb3 24. axb3 Ra3 25. Qd3 Rfa8 26. Rae1 g6 27. Re2 Ra2 28. Rhe1
Rxe2 29. Rxe2 Bg7 30. Bd7 Qd8 31. Ba4 Rc8 32. Bc6 Qb6 33. f4 Qc5 34. Rc2 Qa5 35.
g4 h5 36. gxh5 gxh5 37. Kh2 Qd8 38. Qg3 1-0

[Event "4NCL 2012-13"]
[Site "Hinckley ENG"]
[Date "2013.03.23"]
[Round "7.127"]
[White "Tavares, Shawn P"]
[Black "Bellin, Robert"]
[Result "0-1"]
[BlackTitle "IM"]
[WhiteElo "2168"]
[BlackElo "2355"]
[WhiteTeam "BCM"]
[BlackTeam "Cheddleton"]
[WhiteFideId "7700016"]
[BlackFideId "400343"]
[EventDate "2012.11.03"]

1. b3 b6 2. Bb2 Bb7 3. f4 Nf6 4. e3 g6 5. Bxf6 exf6 6. Nf3 f5 7. Bc4 Bg7 8. d4
O-O 9. O-O d6 10. Nbd2 Nd7 11. Qe2 a6 12. a4 Nf6 13. Rfe1 Re8 14. Ng5 d5 15. Bd3
Ng4 16. c3 Rxe3 17. Qf1 Rxe1 18. Rxe1 Nf6 19. Ndf3 h6 20. Nh3 Ne4 21. Rc1 c5 22.
Nf2 Qc7 23. Ne5 Qd6 24. Qe2 h5 25. g3 Bf6 26. Nd1 Kg7 27. Qf1 Nd2 28. Qe2 Nxb3
29. Rb1 c4 30. Bc2 Na5 31. Ne3 Qe6 32. Bxf5 gxf5 33. Qxh5 Rh8 34. Nxf5+ Kf8 35.
Qg4 Bc8 0-1

[Event "4NCL 2012-13"]
[Site "Hinckley ENG"]
[Date "2013.03.23"]
[Round "7.128"]
[White "Steil-Antoni, Fiona"]
[Black "Yurenok, Maria S"]
[Result "1/2-1/2"]
[WhiteTitle "WIM"]
[BlackTitle "WFM"]
[WhiteElo "2169"]
[BlackElo "2041"]
[WhiteTeam "Cheddleton"]
[BlackTeam "BCM"]
[WhiteFideId "4001249"]
[BlackFideId "409359"]
[EventDate "2012.11.03"]

1. e4 c5 2. Nc3 Nc6 3. g3 g6 4. Bg2 Bg7 5. d3 d6 6. Be3 Rb8 7. Qd2 b5 8. f4 b4
9. Nd1 Qb6 10. Nf3 f5 11. Nh4 e6 12. O-O Nge7 13. Qf2 O-O 14. e5 Nd5 15. Bxd5
exd5 16. exd6 d4 17. Bd2 Qd8 18. b3 Qxd6 19. Nb2 Bb7 20. Nc4 Qc7 21. Nf3 Rbe8
22. a3 a5 23. a4 Ba8 24. Rae1 h6 25. h3 Kh7 26. Kh2 Qd8 27. g4 1/2-1/2

[Event "4NCL 2012-13"]
[Site "Hinckley ENG"]
[Date "2013.03.23"]
[Round "7.132"]
[White "Turner, Matthew J"]
[Black "Flear, Glenn C"]
[Result "1/2-1/2"]
[WhiteTitle "GM"]
[BlackTitle "GM"]
[WhiteElo "2504"]
[BlackElo "2479"]
[WhiteTeam "Barbican 4NCL"]
[BlackTeam "Guildford"]
[WhiteFideId "402893"]
[BlackFideId "400165"]
[EventDate "2012.11.03"]

1. d4 d5 2. Bg5 h6 3. Bh4 c5 4. dxc5 Qa5+ 5. Nc3 g5 6. Bg3 Bg7 7. Qd2 Nf6 8. e4
O-O 9. e5 Nh5 10. Nf3 Nc6 11. Nxd5 Qxd2+ 12. Nxd2 Rd8 13. Bc4 Nxg3 14. hxg3 Nxe5
15. Bb3 e6 16. Ne3 Bd7 17. O-O-O Bc6 18. f4 Nd7 19. Ng4 Nxc5 20. Nxh6+ Bxh6 21.
Rxh6 Nxb3+ 22. axb3 Bxg2 23. fxg5 Kg7 24. Rg1 Bd5 25. Rf6 Rd7 26. Rgf1 Rad8 27.
b4 Bg2 28. R1f2 Be4 29. b3 Bg6 30. Nf3 Re7 31. Ne5 Rh8 32. g4 Rh1+ 33. Kd2 a6
34. c4 Rb1 35. Kc3 Re1 36. Kd4 b6 37. R6f4 Rd1+ 38. Kc3 Re1 39. Nxg6 Kxg6 40.
Rf6+ Kg7 41. R6f3 Re4 42. Ra2 Ra7 43. Rd3 Rxg4 44. Rd6 a5 45. Ra4 Rb7 46. bxa5
bxa5 47. Rxa5 Rg3+ 48. Rd3 Rxb3+ 49. Kxb3 Rxd3+ 50. Kb4 Kg6 51. c5 Rd8 52. c6
Rc8 53. Rc5 e5 54. Kb5 Kxg5 55. Rxe5+ Kg4 56. Kb6 f5 57. Kb7 Rh8 58. c7 1/2-1/2

[Event "4NCL 2012-13"]
[Site "Hinckley ENG"]
[Date "2013.03.23"]
[Round "7.133"]
[White "Cherniaev, Alexander"]
[Black "Ferguson, Mark"]
[Result "0-1"]
[WhiteTitle "GM"]
[BlackTitle "IM"]
[WhiteElo "2460"]
[BlackElo "2402"]
[WhiteTeam "Guildford"]
[BlackTeam "Barbican 4NCL"]
[WhiteFideId "4117301"]
[BlackFideId "403547"]
[EventDate "2012.11.03"]

1. e4 e5 2. Nf3 Nc6 3. Bc4 Bc5 4. b4 Bb6 5. b5 Nd4 6. Nxd4 Bxd4 7. c3 Bb6 8. d4
Qf6 9. O-O d6 10. Be3 Be6 11. Be2 g5 12. a4 Ba5 13. Qc1 h6 14. Nd2 Ne7 15. Nc4
Bxc4 16. Bxc4 O-O-O 17. Qc2 Ng6 18. Qb3 Rhf8 19. Rad1 Kb8 20. Kh1 Qe7 21. f3 h5
22. Qc2 h4 23. Qf2 Ka8 24. Bd5 f6 25. Rd3 Qh7 26. Be6 Nf4 27. Bxf4 gxf4 28. Rfd1
Qe7 29. Bf5 Rh8 30. Qa2 Kb8 31. Bh3 Rhe8 32. Qd5 Qf8 33. Rb1 Qg8 34. Qxg8 Rxg8
35. Kg1 Rge8 36. Kf1 Re7 37. Ke2 Rg8 38. Kd1 Rg5 39. Rb2 Rg8 40. Kc1 Ree8 41.
Kb1 Rg5 42. Ka2 Rg7 43. Bf5 Reg8 44. Be6 Re8 45. Bh3 Rg5 46. Kb3 Rg7 47. Kc4 Rg5
48. Rd1 Rg7 49. Rdb1 Rg5 50. Rc2 Rg7 51. Kd3 Rd8 52. Be6 Re8 53. Bd5 Rh8 54. Rg1
Bb6 55. g3 hxg3 56. hxg3 c6 57. bxc6 bxc6 58. Be6 Rxg3 59. Rxg3 fxg3 60. Rg2 Rh1
61. dxe5 Bf2 62. exf6 Kc7 63. f7 Rh8 64. f4 Kd8 65. Bf5 Ke7 66. e5 dxe5 67. fxe5
Kxf7 68. Be4 Rd8+ 69. Ke2 Ke6 70. Bxc6 Rc8 71. Rxf2 gxf2 72. Bf3 Rxc3 73. Kxf2
Kxe5 74. Bd1 Kd4 75. Ke2 Rd3 76. Bc2 Rh3 77. Bf5 Rh2+ 78. Kf3 Kc3 79. Bd7 Rh7
80. Bb5 Re7 81. Be2 Kb4 82. Bd1 Re1 83. Bc2 Rc1 0-1

[Event "4NCL 2012-13"]
[Site "Hinckley ENG"]
[Date "2013.03.23"]
[Round "7.134"]
[White "Cox, John J"]
[Black "Sarakauskas, Gediminas"]
[Result "1/2-1/2"]
[WhiteTitle "IM"]
[BlackTitle "IM"]
[WhiteElo "2396"]
[BlackElo "2408"]
[WhiteTeam "Barbican 4NCL"]
[BlackTeam "Guildford"]
[WhiteFideId "401064"]
[BlackFideId "12800724"]
[EventDate "2012.11.03"]

1. c4 c6 2. Nf3 d5 3. g3 Nf6 4. Bg2 dxc4 5. O-O Nbd7 6. Qc2 Nb6 7. Na3 Be6 8. b3
cxb3 9. axb3 Bd5 10. Nc4 e6 11. d3 Bxf3 12. Bxf3 Bb4 13. Be3 Nfd5 14. Bxd5 Nxd5
15. Bxa7 O-O 16. e4 Nc3 17. Be3 Qf6 18. Kg2 Nb5 19. Ra4 Be7 20. Na5 Rab8 21. h4
h6 22. d4 Rfd8 23. Rd1 Rd7 24. Nc4 Bf8 25. Nb6 Re7 26. d5 exd5 27. exd5 Qc3 28.
Rc4 Qxc2 29. Rxc2 Rd8 30. Rcd2 Ree8 31. dxc6 Rxd2 32. Rxd2 bxc6 33. Rc2 Re6 34.
Nc4 Bb4 35. Ra2 Bc3 36. Ra8+ 1/2-1/2

[Event "4NCL 2012-13"]
[Site "Hinckley ENG"]
[Date "2013.03.23"]
[Round "7.135"]
[White "Garrido Dominguez, Jesus"]
[Black "D'Costa, Lorin A R"]
[Result "0-1"]
[WhiteTitle "IM"]
[BlackTitle "IM"]
[WhiteElo "2400"]
[BlackElo "2426"]
[WhiteTeam "Guildford"]
[BlackTeam "Barbican 4NCL"]
[WhiteFideId "2254174"]
[BlackFideId "409219"]
[EventDate "2012.11.03"]

1. e4 c5 2. Nf3 d6 3. d4 cxd4 4. Nxd4 Nf6 5. Nc3 e6 6. g3 Be7 7. Bg2 O-O 8. O-O
Nc6 9. h3 Bd7 10. b3 a6 11. Bb2 Rc8 12. Nde2 b5 13. Nf4 Qc7 14. Rc1 Rfd8 15. Qe2
Ne5 16. a3 Qb6 17. Nb1 Ng6 18. Nd3 Rc7 19. Kh2 Rdc8 20. f4 Bc6 21. Nd2 Ba8 22.
c4 bxc4 23. bxc4 Nd7 24. Bc3 e5 25. Rb1 Qa7 26. Qf3 Bf6 27. Bb4 Rc6 28. a4 exf4
29. gxf4 Nh4 30. Qf2 Qxf2 31. Rxf2 Nxg2 32. Rxg2 g6 33. a5 Rb8 34. Re2 Rd8 35.
Rb3 Nf8 36. e5 dxe5 37. fxe5 Bg7 38. Bd6 Ne6 39. Rb6 Nd4 40. Rf2 Bh6 41. Ne4
Rxc4 42. Nf6+ Kg7 43. Be7 Rdc8 44. Ng4 Bc1 45. Bf6+ Kf8 46. e6 Nxe6 47. Nxc1
Rxc1 48. Rxa6 h5 49. Ne3 Rh1+ 50. Kg3 Rg1+ 51. Kh4 Kg8 52. Ra7 Be4 53. Bb2 g5+
54. Kxh5 Bg6+ 55. Kh6 Rg3 56. h4 Rxe3 57. Rf6 Rh3 58. Rxe6 Rxh4+ 59. Kxg5 Rh5+
60. Kf4 Rc4+ 61. Kf3 fxe6 62. Rg7+ Kf8 63. Rxg6 Rb5 64. Ba1 Rb3+ 65. Ke2 Rc2+
66. Kd1 Ra2 0-1

[Event "4NCL 2012-13"]
[Site "Hinckley ENG"]
[Date "2013.03.23"]
[Round "7.136"]
[White "Rogers, Jonathan W"]
[Black "Wall, Gavin"]
[Result "0-1"]
[WhiteTitle "FM"]
[BlackTitle "IM"]
[WhiteElo "2328"]
[BlackElo "2340"]
[WhiteTeam "Barbican 4NCL"]
[BlackTeam "Guildford"]
[WhiteFideId "402052"]
[BlackFideId "2501244"]
[EventDate "2012.11.03"]

1. a4 d5 2. Nf3 Nc6 3. d4 Bg4 4. e3 e5 5. dxe5 Nxe5 6. a5 c6 7. Nbd2 Nf6 8. Be2
Nxf3+ 9. Bxf3 Bxf3 10. Qxf3 Bb4 11. a6 b5 12. c3 Bd6 13. O-O Qe7 14. Qe2 O-O 15.
Nf3 Ne4 16. Nd4 Rab8 17. f3 Nc5 18. b3 Qc7 19. g3 Rb6 20. Ba3 Qc8 21. Ra2 Rxa6
22. Rfa1 Re8 23. Bb4 Rxa2 24. Qxa2 Nb7 25. Bxd6 Nxd6 26. Qxa7 c5 27. Ne2 g5 28.
Qb6 Re6 29. Ra7 Rf6 30. g4 h5 31. h3 Qe8 32. Qxc5 Rxf3 33. Kg2 Rf2+ 0-1

[Event "4NCL 2012-13"]
[Site "Hinckley ENG"]
[Date "2013.03.23"]
[Round "7.137"]
[White "Osborne, Marcus E"]
[Black "Buchicchio, Giampaolo"]
[Result "1-0"]
[BlackTitle "FM"]
[WhiteElo "2280"]
[BlackElo "2306"]
[WhiteTeam "Guildford"]
[BlackTeam "Barbican 4NCL"]
[WhiteFideId "404608"]
[BlackFideId "811491"]
[EventDate "2012.11.03"]

1. d4 d5 2. Nf3 Nf6 3. c4 c6 4. Nc3 a6 5. a4 e6 6. g3 Nbd7 7. Bg2 Bb4 8. Qb3 a5
9. O-O O-O 10. Nd2 h6 11. Rd1 Qe7 12. e4 dxe4 13. Ndxe4 Nxe4 14. Nxe4 f5 15. Nc3
e5 16. Re1 Qf6 17. dxe5 Nxe5 18. Bf4 Nf7 19. Re2 g5 20. Be3 Be6 21. Bd4 Qxd4 22.
Rxe6 Rae8 23. Rxe8 Rxe8 24. Rd1 Qc5 25. Qc2 Kg7 26. h3 Qe5 27. Bf3 Nd6 28. Ne2
Kg6 29. g4 Bc5 30. gxf5+ Nxf5 31. Rd3 h5 32. Qd1 Rh8 33. b3 g4 34. hxg4 hxg4 35.
Bg2 Qh2+ 36. Kf1 Rf8 37. Qc2 Kh5 38. Qd2 Bd6 39. Rxd6 Nxd6 40. Qd4 Nf5 41. Nf4+
Kh6 42. Qd2 Rd8 43. Nd5+ Kg6 44. Ne7+ Nxe7 45. Qxd8 Qe5 46. Qd3+ Kf6 47. Be4 Ke6
48. Qe2 Kd6 49. Qxg4 Kc5 50. Qf3 Qd4 51. Bc2 Qd2 52. Qe2 Qg5 53. Ke1 Qg7 54. Kd2
Qd4+ 55. Kc1 Qa1+ 56. Bb1 Qf6 57. Qe3+ Kb4 58. Bc2 c5 59. Qe1+ Ka3 60. Qe3 Qa1+ 1-0

[Event "4NCL 2012-13"]
[Site "Hinckley ENG"]
[Date "2013.03.23"]
[Round "7.138"]
[White "Bhatia, Kanwal K"]
[Black "Sarakauskiene, Zivile"]
[Result "1/2-1/2"]
[WhiteTitle "WFM"]
[BlackTitle "WIM"]
[WhiteElo "2057"]
[BlackElo "2189"]
[WhiteTeam "Barbican 4NCL"]
[BlackTeam "Guildford"]
[WhiteFideId "407496"]
[BlackFideId "12800864"]
[EventDate "2012.11.03"]

1. e4 c5 2. c3 Nf6 3. e5 Nd5 4. d4 cxd4 5. Nf3 e6 6. cxd4 b6 7. Nc3 Nxc3 8. bxc3
Qc7 9. Bb2 Bb7 10. Be2 d6 11. O-O Nd7 12. exd6 Bxd6 13. h3 O-O 14. c4 Rac8 15.
d5 e5 16. Rc1 Nc5 17. Re1 Rce8 18. Bf1 f5 19. Rc2 Bc8 20. Qa1 e4 21. Nd4 a6 22.
Qd1 Qf7 23. Rd2 Bd7 24. Ne6 Ba4 25. Qa1 Nxe6 26. dxe6 Rxe6 27. c5 Bf4 28. Rd4
Bb5 29. Bxb5 axb5 30. cxb6 Rxb6 31. Red1 Rb7 32. Rd8 Bg5 33. R8d5 h6 34. Qb1 Ra8
35. Be5 b4 36. Qc2 Rba7 37. Qc6 Be7 38. Rd7 Qf8 39. Rc7 Ra6 40. Qb7 R6a7 41.
Qxa7 Rxa7 42. Rxa7 Bf6 43. Bxf6 Qxf6 1/2-1/2

[Event "4NCL 2012-13"]
[Site "Hinckley ENG"]
[Date "2013.03.23"]
[Round "7.141"]
[White "Dearing, Eddie"]
[Black "Fernandez, Daniel Howard"]
[Result "1-0"]
[WhiteTitle "IM"]
[BlackTitle "IM"]
[WhiteElo "2418"]
[BlackElo "2352"]
[WhiteTeam "Cambridge University"]
[BlackTeam "e2e4.org.uk"]
[WhiteFideId "2400731"]
[BlackFideId "5801605"]
[EventDate "2012.11.03"]

1. d4 b5 2. e4 Bb7 3. Bd3 b4 4. Ne2 e6 5. O-O c5 6. c3 Nc6 7. a3 cxd4 8. cxd4
Nf6 9. Nd2 Be7 10. axb4 Nxb4 11. Bb1 d5 12. e5 Nd7 13. Nf4 Qb6 14. Nf3 O-O 15.
Ra3 Rfc8 16. h4 h6 17. Nh5 Ba6 18. Re1 Rc4 19. Be3 Rac8 20. Rb3 Qd8 21. Nh2 Nc2
22. Bxc2 Rxc2 23. Qg4 g6 24. Bxh6 Qa5 25. Nf3 Re2 26. Re3 Rxe1+ 27. Rxe1 Bd3 28.
Ng3 Rc2 29. h5 Rxb2 30. hxg6 Bxg6 31. Rc1 Qd8 32. Bg5 Bxg5 33. Nxg5 Qb8 34. Nxe6
Rb1 35. Rxb1 Qxb1+ 36. Kh2 Qb4 37. Nc7 Nb6 38. Ne8 Qf8 39. Nf6+ Kh8 40. Kg1 Qh6
41. f4 a5 42. e6 Nc8 43. Nf5 1-0

[Event "4NCL 2012-13"]
[Site "Hinckley ENG"]
[Date "2013.03.23"]
[Round "7.142"]
[White "Panjwani, Raja"]
[Black "Mah, Karl C C"]
[Result "1/2-1/2"]
[WhiteTitle "IM"]
[BlackTitle "IM"]
[WhiteElo "2402"]
[BlackElo "2415"]
[WhiteTeam "e2e4.org.uk"]
[BlackTeam "Cambridge University"]
[WhiteFideId "2604493"]
[BlackFideId "404381"]
[EventDate "2012.11.03"]

1. Nf3 d6 2. c4 e5 3. d4 e4 4. Ng1 f5 5. Nc3 c6 6. Nh3 Be7 7. g3 Nf6 8. d5 Nbd7
9. Bg2 Nb6 10. Qb3 Nfd7 11. O-O Nc5 12. Qc2 O-O 13. b4 Na6 14. Qb3 cxd5 15. Nxd5
Nxd5 16. cxd5 Bf6 17. Rb1 Bd7 18. Be3 Qe7 19. Rbc1 Rfc8 20. Nf4 g5 21. Ne6 Bxe6
22. dxe6 Re8 23. f3 Qxe6 24. fxe4 Qxb3 25. axb3 f4 26. gxf4 gxf4 27. Rxf4 Be5
28. Rg4+ Kh8 29. b5 Nc5 30. Bf4 Ne6 31. Bxe5+ dxe5 32. e3 a6 33. bxa6 Rxa6 34.
Bf1 Rc6 35. Bc4 b5 36. Rd1 bxc4 37. bxc4 Rg8 38. Rxg8+ Kxg8 39. Rd5 Rc5 40. Rd7
Rxc4 41. Re7 Rc6 42. Kg2 h5 43. Kg3 Kf8 44. Ra7 Ng7 45. Kh4 Kg8 46. Ra5 Re6 47.
Kg5 Kh7 48. h3 Kg8 49. Ra8+ Kf7 50. Ra7+ Re7 51. Ra5 Ne8 52. Ra6 Nc7 53. Rc6 Nb5
54. Rh6 Ke8 55. Rb6 Nc3 56. Kf5 Nd1 57. Kf6 Kf8 58. Rb8+ Re8 59. Rxe8+ Kxe8 60.
Kxe5 h4 1/2-1/2

[Event "4NCL 2012-13"]
[Site "Hinckley ENG"]
[Date "2013.03.23"]
[Round "7.143"]
[White "Bisby, Daniel L"]
[Black "Sowray, Peter J"]
[Result "1-0"]
[WhiteTitle "FM"]
[BlackTitle "FM"]
[WhiteElo "2288"]
[BlackElo "2362"]
[WhiteTeam "Cambridge University"]
[BlackTeam "e2e4.org.uk"]
[WhiteFideId "404586"]
[BlackFideId "400971"]
[EventDate "2012.11.03"]

1. e4 c6 2. d4 d5 3. Nd2 dxe4 4. Nxe4 Bf5 5. Ng3 Bg6 6. Bc4 e6 7. N1e2 Nf6 8.
O-O Nbd7 9. f4 Nb6 10. Bd3 Bxd3 11. Qxd3 g6 12. c4 Qd7 13. b3 Bg7 14. Ba3 Nc8
15. f5 gxf5 16. Nxf5 exf5 17. Ng3 Kd8 18. Nxf5 Bf8 19. Bxf8 Rxf8 20. Qg3 Ne8 21.
Rae1 f6 22. d5 cxd5 23. cxd5 Nc7 24. d6 Ne6 25. Qc3 Rf7 26. Nh6 f5 27. Nxf7+
Qxf7 28. Qa5+ Nb6 29. Rxf5 Qg6 30. Qe5 Rc8 31. Rf6 Nd7 32. Qxe6 Qxf6 33. Qe8# 1-0

[Event "4NCL 2012-13"]
[Site "Hinckley ENG"]
[Date "2013.03.23"]
[Round "7.144"]
[White "Jackson, James P"]
[Black "Churm, Rohan M"]
[Result "1/2-1/2"]
[WhiteElo "2221"]
[BlackElo "2169"]
[WhiteTeam "e2e4.org.uk"]
[BlackTeam "Cambridge University"]
[WhiteFideId "416860"]
[BlackFideId "405566"]
[EventDate "2012.11.03"]

1. e4 e6 2. d4 d5 3. Nc3 Nf6 4. Bg5 Be7 5. e5 Nfd7 6. Bxe7 Qxe7 7. f4 O-O 8. Nf3
c5 9. Nb5 Nc6 10. Bd3 f6 11. O-O a6 12. Nd6 cxd4 13. Qe2 Nc5 14. Rae1 Bd7 15. a3
Be8 16. Nxe8 Raxe8 17. b4 Nxd3 18. cxd3 Qc7 19. Rc1 Qb6 20. Qb2 fxe5 21. Nxe5
Nxe5 22. fxe5 Rxf1+ 23. Rxf1 Rf8 24. Rc1 h6 25. Rc5 Kh7 26. Qxd4 Rc8 27. Rxd5
Qxd4+ 28. Rxd4 Rc3 29. a4 Kg6 30. Rd7 b5 31. a5 Rb3 32. Re7 Kf5 33. Rxg7 Rxb4
34. Ra7 Ra4 35. Rxa6 Kxe5 36. Ra8 b4 37. a6 b3 38. Rb8 Rxa6 39. Rxb3 Ra2 40. Rb4
Kf5 41. Rh4 Kg5 42. Re4 Rd2 43. Re5+ Kf6 44. Re3 Kf5 45. Kf1 Kf6 46. Rg3 Kf5 47.
Ke1 Ra2 48. Rf3+ Kg5 49. Rf2 Ra4 50. Ke2 Kg6 51. Ke3 Kg7 52. h3 Kg6 53. g3 Kg5
54. Rf3 Kg6 55. Rf4 Ra5 56. Ke4 Rb5 57. Rf3 Ra5 58. d4 Rb5 59. h4 Ra5 60. Rf8
Kg7 61. Rc8 Kf6 62. Rc5 Ra1 63. Rh5 Kg6 64. Re5 Kf6 65. Kf4 Ra4 66. Re4 Ra5 67.
Kg4 Rd5 68. Rf4+ Kg7 69. Re4 Kf6 70. Kf3 Ra5 71. g4 Ra1 72. g5+ hxg5 73. hxg5+
Kxg5 74. Rxe6 Kf5 75. Re5+ Kf6 76. Re4 Kf5 77. Re5+ Kf6 78. Ke2 Ra3 79. Kd2 Rh3
80. Kc2 Rg3 81. Re8 Kf7 82. Re4 Rh3 83. d5 Rh5 84. Rd4 Ke7 85. Kc3 Kd6 86. Kc4
Rh1 87. Rg4 Rc1+ 88. Kd4 Rd1+ 89. Kc4 Rc1+ 90. Kd4 1/2-1/2

[Event "4NCL 2012-13"]
[Site "Hinckley ENG"]
[Date "2013.03.23"]
[Round "7.145"]
[White "Spencer, Carl J"]
[Black "Bird, Andrew"]
[Result "0-1"]
[WhiteElo "2205"]
[BlackElo "2210"]
[WhiteTeam "Cambridge University"]
[BlackTeam "e2e4.org.uk"]
[WhiteFideId "412171"]
[BlackFideId "3204502"]
[EventDate "2012.11.03"]

1. e4 e5 2. Nf3 Nc6 3. d4 exd4 4. Nxd4 Nf6 5. Nxc6 bxc6 6. e5 Qe7 7. Qe2 Nd5 8.
c4 Ba6 9. b3 g6 10. f4 d6 11. Bb2 Bg7 12. Qf2 Nf6 13. Be2 dxe5 14. O-O Ne4 15.
Qe1 f5 16. Nd2 O-O 17. Nxe4 fxe4 18. Qa5 exf4 19. Bxg7 Qxg7 20. Qxa6 f3 21. gxf3
exf3 22. Bxf3 Rxf3 23. Qxc6 Raf8 24. Qe6+ Kh8 25. Qe2 Qd4+ 26. Kh1 Rf2 27. Rxf2
Rxf2 28. Qe8+ Kg7 29. Re1 Kh6 30. Qe6 Qf4 31. Qh3+ Kg5 32. a4 a5 33. Rg1+ Kf6
34. Re1 Qf3+ 35. Qxf3+ Rxf3 36. Rb1 c5 37. Kg2 Rd3 38. Rb2 Ke5 39. Re2+ Kd4 40.
Re7 Rxb3 41. Ra7 Kxc4 42. Rxa5 Rb7 43. Ra8 Kd3 44. Rd8+ Kc3 45. Rc8 c4 46. a5
Ra7 0-1

[Event "4NCL 2012-13"]
[Site "Hinckley ENG"]
[Date "2013.03.23"]
[Round "7.146"]
[White "Willmoth, Robert F"]
[Black "Makarov, Alexander"]
[Result "1/2-1/2"]
[WhiteElo "2164"]
[BlackElo "2180"]
[WhiteTeam "e2e4.org.uk"]
[BlackTeam "Cambridge University"]
[WhiteFideId "402540"]
[BlackFideId "34100749"]
[EventDate "2012.11.03"]

1. Nf3 Nf6 2. b3 d6 3. d4 Bf5 4. Bb2 e6 5. g3 Nbd7 6. Bg2 Be7 7. O-O d5 8. c4 c6
9. Nc3 h6 10. Nd2 O-O 11. e4 dxe4 12. Ndxe4 Nxe4 13. Nxe4 Nf6 14. Nd2 a5 15. a3
Qb6 16. c5 Qc7 17. Qe2 b5 18. Rfe1 a4 19. b4 Rfe8 20. Nf1 Qd7 21. Rad1 Bg4 22.
f3 Bh5 23. Ne3 Nd5 24. Nxd5 exd5 25. Qf1 Bg5 26. Bh3 f5 27. Qd3 Bg6 28. Kf2 Qf7
29. f4 Bf6 30. Rxe8+ Rxe8 31. Re1 Re4 32. Bg2 Bh5 33. Qd2 Rxe1 34. Qxe1 g5 35.
fxg5 Bxg5 36. h4 Bd8 37. Bc1 Qf6 38. Qe3 Bc7 39. Qxh6 Qxd4+ 40. Be3 Qe5 41. Qxc6
Qxg3+ 42. Kf1 Be2+ 43. Kxe2 Qxg2+ 44. Kd3 Qe4+ 45. Kd2 f4 46. Bf2 1/2-1/2